Ski Jumping World Cup Winners - Sudden Death - Statistics

General Stats
  • This quiz has been taken 105 times
  • The average score is 10 of 27
Answers on the Grid
Answers color-coded by a green-red scale on the quiz's grid according to % correct below.
Adam Małysz
Anders Bardal
Anders Jacobsen
Andreas Felder
Andreas Goldberger
Andreas Kofler
Andreas Küttel
Andreas Wellinger
Anze Lanisek
Ari-Pekka Nikkola
Armin Kogler
Bjørn Einar Romøren
Daniel Andre Tande
Daniel Tschofenig
Dawid Kubacki
Dieter Thoma
Ernst Vettori
Espen Bredesen
Gregor Schlierenzauer
Halvor Egner Granerud
Horst Bulau
Hubert Neuper
Jakub Janda
Jan Boklöv
Jan Hörl
Janne Ahonen
Jaroslav Sakala
Jens Weißflog
Kamil Stoch
Karl Geiger
Kenneth Gangnes
Marius Lindvik
Markus Eisenbichler
Martin Schmitt
Matti Hautamäki
Matti Nykänen
Noriaki Kasai
Pavel Ploc
Peter Prevc
Piotr Żyła
Primož Peterka
Richard Freitag
Roar Ljøkelsøy
Roberto Cecon
Roger Ruud
Ryoyu Kobayashi
Severin Freund
Simon Ammann
Stanisław Bobak
Stefan Kraft
Sven Hannawald
Thomas Morgenstern
Toni Nieminen
Vegard Opaas
Wolfgang Loitzl
 
Answer Stats
Answer % Correct
Adam Małysz
88%
Anders Bardal
56%
Andreas Goldberger
53%
Stefan Kraft
52%
Kamil Stoch
50%
Ryoyu Kobayashi
47%
Gregor Schlierenzauer
45%
Peter Prevc
45%
Daniel Tschofenig
44%
Matti Nykänen
44%
Janne Ahonen
42%
Thomas Morgenstern
41%
Simon Ammann
38%
Andreas Felder
36%
Halvor Egner Granerud
36%
Jens Weißflog
33%
Primož Peterka
33%
Severin Freund
31%
Martin Schmitt
30%
Jakub Janda
28%
Ari-Pekka Nikkola
27%
Jan Boklöv
25%
Toni Nieminen
25%
Armin Kogler
23%
Espen Bredesen
23%
Vegard Opaas
20%
Hubert Neuper
17%
No matching quizzes found
Score Distribution
Percent of People with Each Score
Percentile by Number Answered
Your Score History
You have not taken this quiz